Jule Neigelová - nový zjav ; Jule Neigel

Bibliographic Details
Format: Article
Language:Slovak
PhysicalDescription:Obr. 1.
Subjects:

MARC

LEADER 00000nab a2200000 a 4500
001 vtls000359500
003 SK-MaSNL
005 20260302223735.0
008 111201c1989 xo 0 slo
015 |a SNBRB19rr/mm-uuuuu 
035 |a CL0359622 
040 |a SNKBUCL  |b slo  |c SNKBUCL  |e AACR2 
041 0 |a slo 
044 |a xo  |c SK 
080 |a 78.071.2:784.66  |2 1981 
080 |a 784.66  |2 1981 
080 |a 929 Neigel, Jule  |2 1981 
245 0 0 |a Jule Neigelová - nový zjav ; Jule Neigel 
300 |b Obr. 1. 
600 1 7 |a Neigel, Jule,  |d 1966-  |2 snkbucl  |9 953865 
655 7 |a profily  |2 snkbucl  |9 341977 
655 7 |a články z novín a časopisov  |2 snkbucl  |9 267496 
773 0 |t Populár  |g Roč. 21, č. 7 (1989), s. 10-11 
850 |a Slovenská národná knižnica v Martine  |a MTA001 
852 |a SNK  |b KIS3GCP 
958 |a RK 
992 |a RBX 
999 |c 1521612  |d 1523542